| 000 | 00602nam a2200181 i 4500 | ||
|---|---|---|---|
| 001 | 72964 | ||
| 003 | ES-MaACL | ||
| 005 | 20230906171623.0 | ||
| 007 | t| | ||
| 008 | 040906s1970 sp ||||1| spa d | ||
| 100 | 1 |
_aGoldberger, Arthur S. _957647 |
|
| 245 | 1 | 0 |
_aTeoría econométrica / _cArthur S. Goldberger ; [traducción de María Francia Hernández ; dirigida por Vicente Lozano López]. |
| 260 |
_aMadrid : _bTecnos, _c[1970] |
||
| 300 |
_a414 p. ; _c24 cm. |
||
| 700 | 1 |
_aFrancia Hernández, María. _952172 |
|
| 700 | 1 |
_aLozano López, Vicente. _974452 |
|
| 852 |
_aES-MaACL _jC-37950 _bR.75847 |
||
| 999 |
_c72964 _d72964 |
||